<?xml version="1.0" encoding="UTF-8"?>
<marc:record xmlns:marc="http://www.loc.gov/MARC21/slim">
   <marc:leader>00000nam a2200000 a 4500</marc:leader>
   <marc:datafield ind1="1" ind2=" " tag="100">
      <marc:subfield code="a">Schmatz, Franz</marc:subfield>
      <marc:subfield code="4">aut</marc:subfield>
      <marc:subfield code="e">Verfasser/-in</marc:subfield>
   </marc:datafield>
   <marc:datafield ind1=" " ind2=" " tag="653">
      <marc:subfield code="a">Christ</marc:subfield>
   </marc:datafield>
   <marc:datafield ind1=" " ind2=" " tag="653">
      <marc:subfield code="a">Lebensführung</marc:subfield>
   </marc:datafield>
   <marc:datafield ind1=" " ind2=" " tag="653">
      <marc:subfield code="a">Meditation</marc:subfield>
   </marc:datafield>
   <marc:datafield ind1=" " ind2=" " tag="653">
      <marc:subfield code="a">Softcover</marc:subfield>
   </marc:datafield>
   <marc:datafield ind1=" " ind2=" " tag="653">
      <marc:subfield code="a">Karte</marc:subfield>
   </marc:datafield>
   <marc:datafield ind1="0" ind2="0" tag="245">
      <marc:subfield code="a">Horch dein Leben ruft dich</marc:subfield>
   </marc:datafield>
   <marc:datafield ind1="0" ind2="0" tag="245">
      <marc:subfield code="c">Franz Schmatz</marc:subfield>
   </marc:datafield>
   <marc:datafield ind1=" " ind2="1" tag="264">
      <marc:subfield code="a">Krems/Donau</marc:subfield>
      <marc:subfield code="b">Effata-Verl.</marc:subfield>
      <marc:subfield code="c">2006</marc:subfield>
   </marc:datafield>
   <marc:datafield ind1=" " ind2=" " tag="250">
      <marc:subfield code="a">1. Aufl.</marc:subfield>
   </marc:datafield>
   <marc:datafield ind1="1" ind2=" " tag="520">
      <marc:subfield code="a">Angaben aus der Verlagsmeldung

Horch dein Leben ruft dich / von Franz Schmatz

Die Welt ist laut geworden! Das Oberflächliche und Äußerliche steht oft im Vordergrund. Alles muss funktionieren. Immer mehr Menschen spüren das und fühlen Sehnsucht nach einem anderen Leben.

Ist das Leben nicht oft wie ein leises Lied, das nur im Innehalten und mit viel Achtsamkeit vernommen werden kann?

Die vorliegenden Texte bringen keine fertigen Antworten, sondern sie möchten Impulse, Anregungen und mögliche Bausteine für mehr Lebenserfüllung sein. Vielfalt, Widersprüchlichkeiten, verschiedene Zugänge und Folgerungen sind nicht in Harmonie aufgelöst, sondern bleiben bestehen, wie im Leben auch!

Im Horchen, Suchen und Staunen kann es möglich sein, in meiner innersten Mitte dem Urgrund des Seins zu begegnen, für mich das göttliche Du, das alles umfasst, trägt, lebendig macht, aufrichtet, stärkt, tröstet, heilt, auf Entwicklung und Reifung hin begleitet und in Geborgenheit birgt.
</marc:subfield>
   </marc:datafield>
   <marc:datafield ind1=" " ind2=" " tag="020">
      <marc:subfield code="a">9783950078275</marc:subfield>
      <marc:subfield code="9">9783950078275</marc:subfield>
   </marc:datafield>
   <marc:datafield ind1=" " ind2=" " tag="020">
      <marc:subfield code="a">3950078274</marc:subfield>
      <marc:subfield code="9">3950078274</marc:subfield>
   </marc:datafield>
   <marc:datafield ind1=" " ind2=" " tag="041">
      <marc:subfield code="a">ger</marc:subfield>
   </marc:datafield>
   <marc:datafield ind1=" " ind2=" " tag="300">
      <marc:subfield code="a">112 S.</marc:subfield>
   </marc:datafield>
</marc:record>
